02188nam a22002537a 450000500170000000800410001702000180005804000090007604100080008508200220009310000230011524500920013826000460023030000280027636500560030452012600036065000270162065000260164765000330167370000250170694200120173199900190174395201720176220220627164930.0220627b ||||| |||| 00| 0 eng d a9789388874007 cAloy aeng 223a629.109bVAII aMinnie Vaid945580 aIsros magnificent women and their flying machines:bIndias mission to mars and the moon aNew DelhibSpeaking Tiger Books LLPc2019 axii,236p.bPBc19x13cm. 2Physicsa1930b239.00c₹d299.00e20%f20-06-2022 aIn late 2013, The Indian space research organisation (ISRO) launched mangalyaan—india’s first inter-planetary mission—after just eighteen months, at a fraction of the cost of similar missions by foreign space agencies. The next year India became the first Asian nation to reach the Mars orbit and the first in the world to do so in its first attempt.This historic mission, among isro’s other great successes, was spearheaded by the most talented, dedicated and tireless group of women scientists that the world has ever seen. Nandini Harijans and Ritu karidhal calculated the spacecraft trajectory to Mars, besidesoverseeing the mission operations; moumita Dutta and Minal Sampat designed the complex scientific instruments involved in the mission; while numerous other ‘wonder women’ have been instrumental in isro’s other path-breaking work.Isro’s magnificent women and their flying machines narrates the inspiring stories of these extraordinary women: how they overcame the naysayers and gender barriers in a field dominated by men to achieve the impossible. As India reaches for the moon with chandrayaan-2, women are once again in the front seat, with Ritu karidhal as mission director. For women in science, The sky is not the limit. aWomen from Mars945331 aMOM Operations945332 aReaching for the Moon945333 aVAID (Minnie)945334 2ddccBK c223490d223490 00102ddc40708PHYaALbALd2022-06-24eBiblios Book Point, Surathkal, Mangalore-575014g239.00l0o629.109 VAIIp075916r2022-06-27 00:00:00v299.00w2022-06-27yBK